[Event "Borgerhout - Fontaine"]
[Site "?"]
[Date "2011.01.09"]
[Round "6.3"]
[White "Vedder, Henk"]
[Black "Marechal, Andy"]
[Result "1/2-1/2"]
[WhiteElo "2361"]
[BlackElo "2341"]
[PlyCount "50"]
[EventDate "2011.01.10"]
[SourceDate "2011.01.10"]

1. e4 e6 2. d4 d5 3. Nc3 Nf6 4. e5 Nfd7 5. f4 c5 6. Nf3 Nc6 7. Be3 cxd4 8. Nxd4
Bc5 9. Qd2 O-O 10. O-O-O a6 11. h4 Nxd4 12. Bxd4 b5 13. g4 b4 14. Ne2 a5 15.
Qe3 Qb6 16. f5 Ba6 17. Nf4 Bxd4 18. Rxd4 Bxf1 19. Rxf1 Rfc8 20. Re1 Ra6 21. Nh5
Qc7 22. Re2 Rc6 23. Rdd2 Qb6 24. Rd4 Qc7 25. Rdd2 Qb6 1/2-1/2

[Event "Fontaine - Borgerhout"]
[Site "?"]
[Date "2011.01.09"]
[Round "6.4"]
[White "Claesen, Pieter"]
[Black "De Haan, Eric"]
[Result "1/2-1/2"]
[WhiteElo "2386"]
[BlackElo "2334"]
[PlyCount "94"]
[EventDate "2011.01.10"]
[SourceDate "2011.01.10"]

1. c4 c5 2. Nf3 Nc6 3. d4 cxd4 4. Nxd4 Qb6 5. Nb3 e6 6. e4 Nf6 7. Bd3 Bb4+ 8.
Nc3 O-O 9. O-O Bxc3 10. bxc3 d6 11. Ba3 Rd8 12. c5 dxc5 13. Bxc5 Qc7 14. Qe2 b6
15. Bd4 e5 16. Be3 h6 17. Rfd1 Be6 18. Rac1 Ng4 19. Bd2 Qe7 20. h3 Nf6 21. Bc4
Bxc4 22. Qxc4 Rac8 23. Qe2 Rd7 24. f3 Rcd8 25. Be3 Qa3 26. Rxd7 Rxd7 27. Qc2
Qa6 28. Kf2 Ne8 29. Qe2 Qa4 30. Qc2 Nc7 31. Nd4 Qxc2+ 32. Nxc2 Na5 33. Ke2 Nc4
34. Nb4 f6 35. Nd3 h5 36. Rd1 Nb5 37. Rc1 Rc7 38. Bd2 a5 39. Be1 Kf7 40. g3 Ke6
41. a4 Nbd6 42. Bf2 Rc6 43. Rb1 Nc8 44. Ne1 Rd6 45. Nd3 Rc6 46. Ne1 Rd6 47. Nd3
Rc6 1/2-1/2

[Event "Borgerhout - Fontaine"]
[Site "?"]
[Date "2011.01.09"]
[Round "6.5"]
[White "Nieto, Emanuel"]
[Black "Le Quang, Kim"]
[Result "1/2-1/2"]
[WhiteElo "2352"]
[BlackElo "2326"]
[PlyCount "39"]
[EventDate "2011.01.10"]
[SourceDate "2011.01.10"]

1. e4 c5 2. Nf3 d6 3. d4 cxd4 4. Nxd4 Nf6 5. f3 e5 6. Nb3 Be6 7. c4 Nc6 8. Nc3
Be7 9. Nd5 O-O 10. Be3 Nd7 11. Qd2 Nc5 12. Rd1 Bxd5 13. exd5 Nxb3 14. axb3 Nd4
15. Bxd4 exd4 16. Bd3 Bg5 17. f4 Re8+ 18. Kf2 Bf6 19. Bc2 Qb6 20. Qd3 1/2-1/2

[Event "Borgerhout - Fontaine"]
[Site "?"]
[Date "2011.01.09"]
[Round "6.7"]
[White "Baert, Andy"]
[Black "Cappon, John"]
[Result "0-1"]
[WhiteElo "2202"]
[BlackElo "2238"]
[PlyCount "76"]
[EventDate "2011.01.10"]
[SourceDate "2011.01.10"]

1. e4 c5 2. Nf3 e6 3. d4 cxd4 4. Nxd4 a6 5. Bd3 Nc6 6. Nxc6 dxc6 7. O-O e5 8.
Be3 Nf6 9. Nd2 Ng4 10. Nc4 Nxe3 11. fxe3 Be6 12. Qh5 Bd6 13. Rad1 Bc7 14. Nd2
Qe7 15. Nf3 h6 16. Nh4 g6 17. Nxg6 fxg6 18. Qxg6+ Bf7 19. Qg7 Rg8 20. Qh7 Be6
21. Qxh6 O-O-O 22. Rf6 Bd7 23. Bc4 Rh8 24. Qg5 Kb8 25. Rdf1 Qh7 26. h3 Qxe4 27.
Bd3 Qd5 28. e4 Qc5+ 29. Kh2 Bc8 30. Rf7 Rdg8 31. Rg7 Rf8 32. Rgf7 Rxf7 33. Rxf7
Bb6 34. Rf1 Rf8 35. Qc1 Qe7 36. Qe1 Qg7 37. g3 Rh8 38. h4 Qg4 0-1

[Event "Fontaine - Borgerhout"]
[Site "?"]
[Date "2011.01.09"]
[Round "6.8"]
[White "Russo, Julien"]
[Black "Veltkamp, Gerben"]
[Result "0-1"]
[WhiteElo "2097"]
[BlackElo "2178"]
[PlyCount "78"]
[EventDate "2011.01.10"]
[SourceDate "2011.01.10"]

1. e4 e5 2. Nf3 Nc6 3. Bc4 Nf6 4. d3 Be7 5. O-O O-O 6. c3 d6 7. Bb3 Be6 8. Nbd2
Qd7 9. Re1 h6 10. Nf1 Nh7 11. d4 Bg4 12. Ne3 Bxf3 13. Qxf3 exd4 14. Nf5 Bf6 15.
Qg4 Kh8 16. Nxh6 Qxg4 17. Nxg4 Be7 18. Bd2 Nf6 19. Nxf6 Bxf6 20. Rac1 Rac8 21.
Bd1 Ne5 22. Bc2 Nc4 23. Re2 Nxd2 24. Rxd2 Bg5 25. Rcd1 Bxd2 26. Rxd2 dxc3 27.
bxc3 g6 28. Bb3 Kg7 29. f3 Rfe8 30. Kf2 Re5 31. Bd5 c6 32. Bb3 Rd8 33. g3 Rc5
34. c4 a5 35. a4 Kf6 36. f4 Ke7 37. g4 Rh8 38. Kf3 b5 39. axb5 Rh3+ 0-1

[Event "KBSK - KGSRL"]
[Site "?"]
[Date "2011.01.23"]
[Round "7.1"]
[White "Geirnaert, Steven"]
[Black "Michiels, Bart"]
[Result "0-1"]
[WhiteElo "2356"]
[BlackElo "2452"]
[PlyCount "158"]
[EventDate "2011.01.23"]
[SourceDate "2011.01.23"]

1. d4 d5 2. c4 c6 3. cxd5 cxd5 4. Nc3 Nf6 5. Bf4 Nc6 6. e3 a6 7. Bd3 Bg4 8. Nf3
e6 9. h3 Bh5 10. O-O Be7 11. Rc1 O-O 12. a3 Na5 13. Ne2 Rc8 14. Ne5 Nd7 15. Qa4
Nxe5 16. Bxe5 Nc6 17. Bg3 Bg6 18. Bxa6 Qb6 19. Bb5 Ra8 20. Qb3 Na5 21. Bc7 Nxb3
22. Bxb6 Nxc1 23. Rxc1 Rfc8 24. Nc3 Bd8 25. Bc5 b6 26. Bd6 Ra7 27. Kf1 Be7 28.
Bxe7 Rxe7 29. Ke2 Rec7 30. Kd2 Kf8 31. h4 f6 32. Rh1 Bf5 33. Be2 Be4 34. Rg1 g5
35. hxg5 fxg5 36. f3 Bg6 37. g4 Rf7 38. Bd1 Ke7 39. Be2 Kd6 40. Nb5+ Kd7 41.
Nc3 Ke7 42. Rh1 Kf6 43. Rc1 Rff8 44. Rh1 Rh8 45. Rg1 Rhf8 46. Rh1 Kg7 47. Rg1
Rf6 48. Rg2 Be8 49. Rf2 Rh6 50. f4 Bc6 51. Bd3 Rf8 52. Ne2 Rh4 53. Rg2 h6 54.
f5 Bd7 55. Ng3 Kf7 56. Be2 Ke7 57. Bf3 exf5 58. gxf5 Kd6 59. Be2 Rf7 60. Bd3
Ke7 61. Rf2 Rh3 62. Rg2 h5 63. Ne2 Kf6 64. Ng1 Rh1 65. Nf3 g4 66. Ne5 Rg7 67.
e4 dxe4 68. Bxe4 Rf1 69. Bd3 Rf4 70. Ke3 Kg5 71. Be4 Re7 72. Rh2 Rf1 73. Bd3
Rf3+ 74. Kd2 Rh3 75. Rf2 g3 76. f6 gxf2 77. Bf1 Kxf6 78. Nxd7+ Rxd7 79. Bxh3
Re7 0-1

[Event "KGSRL - KBSK"]
[Site "?"]
[Date "2011.01.23"]
[Round "7.4"]
[White "Tjiam, Dharma"]
[Black "Piceu, Tom"]
[Result "1/2-1/2"]
[WhiteElo "2385"]
[BlackElo "2300"]
[PlyCount "49"]
[EventDate "2011.01.23"]
[SourceDate "2011.01.23"]

1. d4 Nf6 2. c4 c5 3. d5 b5 4. cxb5 a6 5. bxa6 g6 6. Nc3 Bxa6 7. Nf3 Bg7 8. g3
O-O 9. Bg2 d6 10. O-O Nbd7 11. Rb1 Ng4 12. Qc2 Qa5 13. Bd2 Bxc3 14. Bxc3 Qxa2
15. Qe4 Ndf6 16. Bxf6 Nxf6 17. Qxe7 Nxd5 18. Qxd6 Bxe2 19. Rfe1 Nb4 20. Ne5
Rad8 21. Qxc5 Nd3 22. Nxd3 Bxd3 23. Rbd1 Qxb2 24. Bd5 Qb5 25. Qxb5 1/2-1/2

[Event "KBSK - KGSRL"]
[Site "?"]
[Date "2011.01.23"]
[Round "7.5"]
[White "Michiels, Rob"]
[Black "Vandenbussche, Thibaut"]
[Result "1/2-1/2"]
[WhiteElo "2238"]
[BlackElo "2374"]
[PlyCount "117"]
[EventDate "2011.01.23"]
[SourceDate "2011.01.23"]

1. e4 d6 2. d4 Nf6 3. f3 Nbd7 4. Be3 e5 5. Bc4 c6 6. a4 d5 7. exd5 Nb6 8. Bb3
Nfxd5 9. Bf2 Qg5 10. g3 Bd6 11. Qd2 Qe7 12. Ne2 e4 13. fxe4 Qxe4 14. Rf1 Bh3
15. Rg1 O-O 16. a5 Nd7 17. Qd3 Qxd3 18. cxd3 Nb4 19. Kd2 Bf5 20. Nc1 Nf6 21.
Rf1 Rae8 22. Nc3 Bh3 23. Re1 Rxe1 24. Bxe1 Re8 25. Bf2 g6 26. N1a2 Nxa2 27.
Rxa2 Bg4 28. Ra4 h5 29. Bc2 Nd5 30. Bd1 Bxd1 31. Kxd1 h4 32. Ne4 hxg3 33. Bxg3
Bxg3 34. hxg3 f5 35. Nc3 Ne3+ 36. Ke2 g5 37. Kf3 Nc2 38. d5 Ne1+ 39. Kf2 Nxd3+
40. Kg2 cxd5 41. Nxd5 Re2+ 42. Kf3 Re5 43. Ne3 g4+ 44. Ke2 Nxb2 45. Rd4 Kf7 46.
Kd2 Rxa5 47. Rb4 Ra2 48. Kc2 Na4+ 49. Kb3 Re2 50. Nxf5 Nc5+ 51. Kc4 b6 52. Nh6+
Kg6 53. Nxg4 Kg5 54. Kd5 Rg2 55. Ne5 Rxg3 56. Nc6 Rd3+ 57. Kc4 Rd7 58. Nxa7
Rxa7 59. Rxb6 {en na nog meer dan 80 zetten remise door herhaling van zetten}
1/2-1/2

[Event "KGSRL - KBSK"]
[Site "?"]
[Date "2011.01.23"]
[Round "7.6"]
[White "Goormachtigh, Johan"]
[Black "Bertrem, Stijn"]
[Result "0-1"]
[WhiteElo "2323"]
[BlackElo "2230"]
[PlyCount "70"]
[EventDate "2011.01.23"]
[SourceDate "2011.01.23"]

1. d4 Nf6 2. c4 c5 3. d5 b5 4. cxb5 a6 5. bxa6 g6 6. Nc3 Bxa6 7. Nf3 Bg7 8. g3
d6 9. Bg2 Nbd7 10. Rb1 Nb6 11. b3 Bc8 12. e4 Ba6 13. Bf1 Qc8 14. Bxa6 Qxa6 15.
Bb2 O-O 16. Qe2 Qxe2+ 17. Kxe2 Nxe4 18. Nxe4 Rxa2 19. Rhc1 Rxb2+ 20. Rxb2 Bxb2
21. Rb1 Bg7 22. Rd1 Ra8 23. Rd3 Ra2+ 24. Ned2 Bf6 25. Kf1 Ra1+ 26. Ke2 Rc1 27.
Ne4 Bg7 28. g4 c4 29. bxc4 Rxc4 30. Ke3 Rb4 31. Kf4 f5 32. gxf5 Bh6+ 33. Nfg5
Bxg5+ 34. Kxg5 Rxe4 35. fxg6 Re5+ 0-1

[Event "KBSK - KGSRL"]
[Site "?"]
[Date "2011.01.23"]
[Round "7.7"]
[White "Verduyn, Frederic"]
[Black "Deleyn, Gunter"]
[Result "1/2-1/2"]
[WhiteElo "2202"]
[BlackElo "2321"]
[PlyCount "117"]
[EventDate "2011.01.23"]
[SourceDate "2011.01.23"]

1. Nf3 Nf6 2. c4 c5 3. g3 b6 4. Bg2 Bb7 5. O-O e6 6. Nc3 Be7 7. Re1 O-O 8. e4
d6 9. d4 cxd4 10. Nxd4 Qc8 11. Be3 Rd8 12. Rc1 Nbd7 13. f4 Bf8 14. g4 Nc5 15.
Bf2 e5 16. Nf5 exf4 17. Bh4 Re8 18. Bxf6 gxf6 19. Nd5 Bxd5 20. cxd5 Qa6 21. b4
Nd7 22. Bf1 b5 23. Rc6 Qxa2 24. Bxb5 Ne5 25. Ra6 Qb2 26. Re2 Qxb4 27. Bxe8 Rxe8
28. Ra4 Qc3 29. Rf2 f3 30. h3 Rb8 31. Raa2 Rb4 32. Rac2 Qb3 33. g5 Rxe4 34.
Ne7+ Kg7 35. gxf6+ Kxf6 36. Nc6 Re3 37. Nxe5 dxe5 38. d6 Rd3 39. Qc1 Rxd6 40.
Rxf3+ Qxf3 41. Rf2 Qxf2+ 42. Kxf2 Re6 43. Qc8 Kg7 44. Qc3 f6 45. Qc7+ Re7 46.
Qc8 e4 47. Qg4+ Kf7 48. Qf5 e3+ 49. Ke2 h6 50. Qh7+ Bg7 51. Qf5 Re5 52. Qd7+
Kg6 53. Qxa7 h5 54. Qa6 Bh6 55. Qd3+ Kf7 56. Qd7+ Re7 57. Qf5 Re5 58. Qd7+ Kg6
59. Qd3+ 1/2-1/2

[Event "KGSRL - KBSK"]
[Site "?"]
[Date "2011.01.23"]
[Round "7.8"]
[White "Vanheirzeele, Daniel"]
[Black "Maenhout, Philippe"]
[Result "1-0"]
[WhiteElo "2207"]
[BlackElo "1511"]
[PlyCount "35"]
[EventDate "2011.01.23"]
[SourceDate "2011.01.23"]

1. d4 e6 2. c4 Nf6 3. g3 d5 4. Nf3 Be7 5. Bg2 Nbd7 6. O-O O-O 7. Qc2 h6 8. b3
c5 9. Bb2 b6 10. cxd5 Nxd5 11. Nc3 Rb8 12. Nxd5 exd5 13. Rfd1 Bb7 14. Rac1 Nf6
15. Ne5 Ne4 16. Bxe4 dxe4 17. dxc5 Qc8 18. c6 1-0

[Event "CREC - Namur "]
[Site "?"]
[Date "2011.01.23"]
[Round "7.2"]
[White "Eliet, Nicolas"]
[Black "Geenen, Marc"]
[Result "1-0"]
[WhiteElo "2410"]
[BlackElo "2316"]
[PlyCount "81"]
[EventDate "2010.10.07"]
[SourceDate "2010.10.07"]

1. c4 e5 2. g3 Nf6 3. Bg2 c6 4. d4 exd4 5. Qxd4 d5 6. Nf3 Be6 7. cxd5 cxd5 8.
O-O Nc6 9. Qa4 Bc5 10. a3 O-O 11. b4 Bb6 12. Bb2 Ne4 13. Nbd2 Nxd2 14. Nxd2 Qg5
15. Nf3 Qh5 16. Rad1 Rad8 17. Rd2 Rd7 18. Rc1 Rfd8 19. Qb5 Rd6 20. Rcd1 Bd7 21.
Rxd5 Nd4 22. Qxb6 axb6 23. Rxd6 Nxe2+ 24. Kh1 Qf5 25. R6d2 h6 26. Rxe2 Re8 27.
Nd4 Qh5 28. Rxe8+ Bxe8 29. Re1 Bd7 30. Bxb7 Qg5 31. Bc1 Qf6 32. Be3 h5 33. h4
Qd6 34. Bf3 Qe5 35. Kg2 f6 36. Rd1 g5 37. hxg5 fxg5 38. Nc6 Qc7 39. Ne7+ Kf7
40. Nd5 Qe5 41. Nxb6 1-0

[Event "Namur - CREC "]
[Site "?"]
[Date "2011.01.23"]
[Round "7.5"]
[White "Bolzoni, Victor-Angel"]
[Black "Laurent, Bruno"]
[Result "0-1"]
[WhiteElo "2236"]
[BlackElo "2306"]
[PlyCount "64"]
[EventDate "2010.10.07"]
[SourceDate "2010.10.07"]

1. e4 e6 2. d4 d5 3. Nc3 Bb4 4. e5 Ne7 5. Nf3 c5 6. dxc5 Nbc6 7. Bd2 Ng6 8. Bb5
O-O 9. Bxc6 bxc6 10. Na4 Bxd2+ 11. Qxd2 f6 12. exf6 Qxf6 13. O-O-O e5 14. Qa5
Bg4 15. Rd2 Bxf3 16. gxf3 Nh4 17. Kb1 Nxf3 18. Rd3 e4 19. Rb3 Nd4 20. Rb7 Qxf2
21. Rc1 e3 22. b3 e2 23. Nb2 Rae8 24. Nd3 Qf6 25. Qxa7 Nb5 26. Rxb5 cxb5 27.
Qb7 Qe6 28. Qxb5 Rf1 29. Ne1 Qe3 30. c6 Qxc1+ 31. Kxc1 Rxe1+ 32. Kb2 Rd1 0-1

[Event "CREC - Namur "]
[Site "?"]
[Date "2011.01.23"]
[Round "7.6"]
[White "Akhayan, Ruben"]
[Black "Hafner, Christian"]
[Result "1-0"]
[WhiteElo "2305"]
[BlackElo "2128"]
[PlyCount "63"]
[EventDate "2010.10.07"]
[SourceDate "2010.10.07"]

1. e4 c5 2. Nf3 d6 3. d4 cxd4 4. Nxd4 Nf6 5. Nc3 g6 6. f4 Nc6 7. Be2 Bg7 8. Be3
O-O 9. Nb3 a6 10. Bf3 Qc7 11. g4 b5 12. g5 Nd7 13. h4 Nb6 14. h5 Nb4 15. hxg6
hxg6 16. Bd4 e5 17. fxe5 Nc4 18. a3 Nxb2 19. Qd2 dxe5 20. Qh2 Nxc2+ 21. Kf1 f6
22. Qh7+ Kf7 23. gxf6 Rg8 24. Bh5 Qc4+ 25. Kg1 Bf5 26. exf5 Nxd4 27. Bxg6+ Kf8
28. fxg7+ Rxg7 29. Qh8+ Qg8 30. Nxd4 exd4 31. Ne4 Ke7 32. f6+ 1-0

[Event "Namur - CREC "]
[Site "?"]
[Date "2011.01.23"]
[Round "7.7"]
[White "Werner, Ivan"]
[Black "Godart, Francois"]
[Result "0-1"]
[WhiteElo "2098"]
[BlackElo "2240"]
[PlyCount "61"]
[EventDate "2010.10.07"]
[SourceDate "2010.10.07"]

1. e4 c6 2. d4 d5 3. exd5 cxd5 4. c4 Nf6 5. Nc3 e6 6. Nf3 Be7 7. c5 O-O 8. Bf4
b6 9. b4 a5 10. a3 axb4 11. axb4 Rxa1 12. Qxa1 Nc6 13. Qa4 bxc5 14. Qxc6 cxd4
15. Na2 Bd7 16. Qa6 Ne4 17. Qa3 Qa8 18. Qb2 Qa4 19. Nd2 Nc3 20. Nxc3 dxc3 21.
Qxc3 Rc8 22. Qb2 Rc2 23. Qb1 Ra2 24. Be5 Bxb4 25. Bb2 Qb3 26. Bc3 Qxc3 27. Qxa2
Qc1+ 28. Ke2 Bb5+ 29. Kf3 Qc3+ 30. Kg4 f5+ 31. Kf4 0-1

[Event "Borgerhout - Rochade"]
[Site "?"]
[Date "2011.01.23"]
[Round "7.1"]
[White "Wemmers, Xander"]
[Black "Berelowitsch, Alexander"]
[Result "0-1"]
[WhiteElo "2475"]
[BlackElo "2571"]
[PlyCount "72"]
[EventDate "2011.01.24"]
[SourceDate "2011.01.24"]

1. d4 f5 2. g3 Nf6 3. Bg2 d6 4. Nf3 g6 5. O-O Bg7 6. b3 O-O 7. Bb2 a5 8. c4 a4
9. bxa4 Ne4 10. Nc3 c5 11. Qc2 Nc6 12. dxc5 Nxc5 13. Rab1 f4 14. gxf4 Rxf4 15.
Qd2 Rxc4 16. Ng5 e6 17. Rfd1 Nxa4 18. Nxa4 Raxa4 19. Bxg7 Kxg7 20. Rxb7+ Ne7
21. Bh3 Rg4+ 22. Bxg4 Rxg4+ 23. Kf1 Rxg5 24. Ra7 Rd5 25. Qc3+ Kf7 26. Rb1 Rc5
27. Qf3+ Kg7 28. Qe3 e5 29. Qg5 Rc7 30. Rxc7 Qxc7 31. Rc1 Qb7 32. Kg1 Be6 33.
a4 Nd5 34. Qd8 Qb2 35. Re1 Qb4 36. Rc1 Qf4 0-1

[Event "Rochade - Borgerhout"]
[Site "?"]
[Date "2011.01.23"]
[Round "7.2"]
[White "Dgebuadze, Alexandre"]
[Black "Docx, Stefan"]
[Result "1/2-1/2"]
[WhiteElo "2536"]
[BlackElo "2432"]
[PlyCount "41"]
[EventDate "2011.01.24"]
[SourceDate "2011.01.24"]

1. e4 e5 2. Nf3 Nc6 3. Bb5 a6 4. Ba4 Nf6 5. O-O Be7 6. Re1 b5 7. Bb3 O-O 8. h3
Bb7 9. d3 d5 10. exd5 Nxd5 11. Nxe5 Nd4 12. Nc3 Nb4 13. Be3 Nxb3 14. axb3 Bd6
15. d4 Bxe5 16. dxe5 Qxd1 17. Raxd1 Nxc2 18. Re2 Nxe3 19. Rxe3 Rfd8 20. Red3
Rxd3 21. Rxd3 1/2-1/2

[Event "Borgerhout - Rochade"]
[Site "?"]
[Date "2011.01.23"]
[Round "7.3"]
[White "Vedder, Henk"]
[Black "Fiebig, Thomas"]
[Result "1-0"]
[WhiteElo "2422"]
[BlackElo "2453"]
[PlyCount "115"]
[EventDate "2011.01.24"]
[SourceDate "2011.01.24"]

1. e4 e6 2. d4 d5 3. Bd3 c5 4. c3 Nc6 5. exd5 exd5 6. Nf3 c4 7. Bc2 Bd6 8. O-O
Nge7 9. Re1 O-O 10. Ne5 Bf5 11. Bxf5 Nxf5 12. Qg4 Qc8 13. Bf4 Bxe5 14. Bxe5 Re8
15. Nd2 Nxe5 16. dxe5 Qe6 17. Nf3 Rad8 18. Qf4 Qg6 19. Rad1 h6 20. Rd2 a6 21.
Rde2 Re6 22. g4 Ne7 23. Nd4 Rf8 24. Qg3 Rb6 25. e6 Nc8 26. f4 Nd6 27. f5 Qf6
28. exf7+ Nxf7 29. Ne6 Rc8 30. Nf4 Rd8 31. Re8+ Kh7 32. Ng6 Nd6 33. Nf8+ Kh8
34. Nd7+ Rxe8 35. Rxe8+ Nxe8 36. Nxf6 Nxf6 37. Qf2 Rb5 38. Qe2 Ne4 39. h4 Kg8
40. g5 hxg5 41. hxg5 Kf8 42. Qh2 Nxg5 43. Qh8+ Ke7 44. Qxg7+ Nf7 45. Qg6 Nd8
46. f6+ Kd7 47. f7 Nxf7 48. Qxf7+ Kc6 49. Qf2 Ra5 50. Qf6+ Kc7 51. Qe7+ Kc6 52.
a4 b5 53. Qe6+ Kc7 54. axb5 axb5 55. Qxd5 Ra1+ 56. Kf2 Kb6 57. Qd6+ Kb7 58. Qc5
1-0

[Event "Rochade - Borgerhout"]
[Site "?"]
[Date "2011.01.23"]
[Round "7.4"]
[White "Meessen, Rudolf"]
[Black "De Haan, Eric"]
[Result "0-1"]
[WhiteElo "2360"]
[BlackElo "2395"]
[PlyCount "88"]
[EventDate "2011.01.24"]
[SourceDate "2011.01.24"]

1. d4 Nf6 2. Nc3 d5 3. Bg5 c5 4. Bxf6 gxf6 5. e4 dxe4 6. dxc5 f5 7. Nh3 Bg7 8.
Qxd8+ Kxd8 9. Rd1+ Bd7 10. Ng5 Bxc3+ 11. bxc3 Ke8 12. Bc4 e6 13. f3 h6 14. Nh3
exf3 15. gxf3 Bc6 16. Kf2 Nd7 17. Nf4 Nxc5 18. Rhg1 Rd8 19. Rd4 Rc8 20. Re1 Kf8
21. Nh5 Rg8 22. Rh4 Rd8 23. Rd4 Ke7 24. Re2 Na4 25. Re3 Nb6 26. Be2 Nd5 27.
Red3 e5 28. Rh4 f4 29. c4 Ne3 30. Rxe3 fxe3+ 31. Kxe3 f5 32. f4 Rd4 33. Ng3
Rxf4 34. Rxf4 exf4+ 35. Kxf4 Be4 36. Nxe4 fxe4 37. h4 Rg2 38. Ke3 Kd6 39. Bd1
Ke5 40. a3 Rg3+ 41. Kd2 Rxa3 42. Bg4 Rg3 43. Bc8 b6 44. Bd7 Kd4 0-1

[Event "Borgerhout - Rochade"]
[Site "?"]
[Date "2011.01.23"]
[Round "7.5"]
[White "Nieto, Emanuel"]
[Black "Coenen, Norbert"]
[Result "1/2-1/2"]
[WhiteElo "2382"]
[BlackElo "2355"]
[PlyCount "95"]
[EventDate "2011.01.24"]
[SourceDate "2011.01.24"]

1. d4 Nf6 2. c4 g6 3. Nc3 d5 4. Bg5 Ne4 5. Bh4 Nxc3 6. bxc3 dxc4 7. e3 Bg7 8.
Bxc4 O-O 9. Nf3 c5 10. O-O Nc6 11. h3 Qc7 12. Qe2 e5 13. Bg3 Qe7 14. Rfd1 exd4
15. cxd4 cxd4 16. Nxd4 Nxd4 17. exd4 Qxe2 18. Bxe2 Rd8 19. Bf3 Rxd4 20. a4 Be6
21. Rxd4 Bxd4 22. Rb1 Rc8 23. Bxb7 Rc3 24. Kh2 Rc2 25. f3 Bb6 26. Bb8 Bf5 27.
Re1 Bd7 28. Re7 Bxa4 29. Bd5 Bc6 30. Bxc6 Rxc6 31. Bxa7 Bc7+ 32. Kg1 Bg3 33.
Re8+ Kg7 34. Bd4+ f6 35. Be3 Kf7 36. Re4 f5 37. Rd4 Re6 38. Bf2 Be5 39. Rd1 Kf6
40. g3 g5 41. Kf1 h5 42. Rd2 Rc6 43. Kg2 Re6 44. Re2 Rc6 45. Rd2 g4 46. hxg4
fxg4 47. fxg4 hxg4 48. Bd4 1/2-1/2

[Event "Rochade - Borgerhout"]
[Site "?"]
[Date "2011.01.23"]
[Round "7.6"]
[White "Ahn, Martin"]
[Black "Vedder, Richard"]
[Result "1/2-1/2"]
[WhiteElo "2345"]
[BlackElo "2292"]
[PlyCount "29"]
[EventDate "2011.01.24"]
[SourceDate "2011.01.24"]

1. e4 e6 2. Nf3 d5 3. Nc3 Nf6 4. e5 Nfd7 5. d4 c5 6. Bg5 Qb6 7. dxc5 Nxc5 8.
Qd2 Nc6 9. Be2 a6 10. O-O-O Qc7 11. Rhe1 b5 12. Bd3 b4 13. Ne2 Nxd3+ 14. Qxd3
a5 15. Ned4 1/2-1/2

[Event "Borgerhout - Rochade"]
[Site "?"]
[Date "2011.01.23"]
[Round "7.7"]
[White "Baert, Andy"]
[Black "Klein, Felix"]
[Result "1-0"]
[WhiteElo "2249"]
[BlackElo "2315"]
[PlyCount "113"]
[EventDate "2011.01.24"]
[SourceDate "2011.01.24"]

1. e4 c5 2. Nf3 e6 3. d4 cxd4 4. Nxd4 a6 5. Bd3 Bc5 6. Nb3 Be7 7. O-O d6 8. a4
Nf6 9. a5 Nc6 10. Nc3 d5 11. Be3 dxe4 12. Bb6 Qd7 13. Nxe4 Nxe4 14. Bxe4 Qxd1
15. Rfxd1 e5 16. Nc5 O-O 17. Nd7 Re8 18. c3 Bg5 19. Rd3 Ne7 20. Nc5 Nc6 21.
Rad1 h5 22. Nd7 Ne7 23. Nxe5 Nf5 24. Nf3 Bf6 25. Bd5 Ne7 26. Bb3 Bf5 27. Re3
Nc6 28. Rde1 Rxe3 29. Rxe3 Rc8 30. h4 Ne7 31. Bd4 Ng6 32. Bd5 Rc7 33. g3 Bd7
34. Bb6 Rc6 35. Bxc6 Bxc6 36. Bd4 Be7 37. Ne5 Nxe5 38. Rxe5 Bf6 39. Rxh5 g6 40.
Rc5 Be7 41. Re5 Bd6 42. Re1 Kf8 43. Be5 Bc5 44. b4 Ba7 45. Bd6+ Kg7 46. c4 Bd4
47. Be5+ Bxe5 48. Rxe5 Kf6 49. f4 Bd7 50. Kf2 Be6 51. Rc5 Ke7 52. Ke3 Kd6 53.
Kd4 f6 54. h5 gxh5 55. Rxh5 Bg4 56. Rh7 Bf3 57. f5 1-0

[Event "Rochade - Borgerhout"]
[Site "?"]
[Date "2011.01.23"]
[Round "7.8"]
[White "Huesmann, Thomas"]
[Black "Veltkamp, Gerben"]
[Result "0-1"]
[WhiteElo "2233"]
[BlackElo "2178"]
[PlyCount "136"]
[EventDate "2004.??.??"]

1. e4 e5 2. Nf3 Nc6 3. Bc4 Nf6 4. O-O Nxe4 5. Qe2 d5 6. Bb5 Bg4 7. d3 Bxf3 8.
gxf3 Nc5 9. f4 Qd7 10. fxe5 Ne6 11. c3 a6 12. Ba4 d4 13. f4 O-O-O 14. c4 Nc5
15. Bxc6 Qxc6 16. f5 g6 17. f6 Re8 18. Bf4 Qxf6 19. Bg3 Qe6 20. Nd2 f5 21. Nf3
Bh6 22. Bf2 Be3 23. Bxe3 dxe3 24. Qxe3 Qb6 25. d4 Ne4 26. Nd2 Nxd2 27. Qxd2 c5
28. b4 cxd4 29. c5 Qc7 30. Qxd4 Qxe5 31. Rad1 Qxd4+ 32. Rxd4 Rd8 33. Rc4 Rd2
34. a4 Re8 35. Rf2 Ree2 36. Rxe2 Rxe2 37. Rh4 Re7 38. Kf2 Kd7 39. Rd4+ Kc6 40.
Rd6+ Kc7 41. Rf6 Re4 42. Rf7+ Kc6 43. Rf6+ Kd7 44. Rf7+ Re7 45. Rf6 Ke8 46. Kf3
Rc7 47. Rb6 Kf7 48. Kf4 Kg7 49. Kf3 Kh6 50. a5 Kg5 51. c6 Rxc6 52. Rxb7 Rc3+
53. Kg2 Rc2+ 54. Kg1 h6 55. Rb6 Rb2 56. Rxa6 Rxb4 57. Rb6 Ra4 58. a6 Ra2 59.
Rc6 f4 60. h3 Kh5 61. Kf1 g5 62. Ke1 Ra3 63. h4 Ra2 64. hxg5 hxg5 65. Rf6 Kg4
66. Rg6 Kf5 67. Rb6 g4 68. Kf1 Kg5 0-1

[Event "Fontaine - Amay"]
[Site "?"]
[Date "2011.01.23"]
[Round "7.1"]
[White "Wirig, Anthony"]
[Black "Prié, Eric"]
[Result "1/2-1/2"]
[WhiteElo "2489"]
[BlackElo "2529"]
[PlyCount "30"]
[EventDate "2011.01.24"]
[SourceDate "2011.01.24"]

1. d4 Nf6 2. Nf3 c5 3. c3 e6 4. Bg5 h6 5. Bxf6 Qxf6 6. g3 Nc6 7. Bg2 d5 8. O-O
Be7 9. dxc5 Bxc5 10. Nbd2 O-O 11. e4 Rd8 12. exd5 exd5 13. Nb3 Bb6 14. Nfd4 Ne5
15. h3 Bd7 1/2-1/2

[Event "Amay - Fontaine"]
[Site "?"]
[Date "2011.01.23"]
[Round "7.2"]
[White "Zaragatski, Ilja"]
[Black "Marzolo, Cyril"]
[Result "1-0"]
[WhiteElo "2472"]
[BlackElo "2446"]
[PlyCount "77"]
[EventDate "2011.01.24"]
[SourceDate "2011.01.24"]

1. Nf3 Nf6 2. g3 b5 3. Na3 a6 4. c4 c6 5. d4 d5 6. c5 Nbd7 7. Nc2 a5 8. Bg2 g6
9. O-O Bg7 10. Nd2 O-O 11. e4 dxe4 12. Nxe4 Nd5 13. Ne3 N7f6 14. Nxf6+ Bxf6 15.
Nxd5 cxd5 16. Re1 Bb7 17. h4 Bc6 18. Bg5 Qd7 19. Qd2 Qg4 20. Bxf6 exf6 21. Re7
Rfe8 22. Rae1 Rxe7 23. Rxe7 b4 24. Rc7 Rc8 25. Qf4 Qe6 26. Rxc8+ Qxc8 27. Qxf6
a4 28. a3 bxa3 29. bxa3 h5 30. Kh2 Qd7 31. Qe5 Kf8 32. Qh8+ Ke7 33. Bh3 f5 34.
Qg8 Kf6 35. Qh8+ Ke6 36. Bf1 Qe7 37. Qg8+ Kf6 38. Qh8+ Ke6 39. Ba6 1-0

[Event "Fontaine - Amay"]
[Site "?"]
[Date "2011.01.23"]
[Round "7.3"]
[White "Cekro, Ekrem"]
[Black "Buscher, Michael"]
[Result "1/2-1/2"]
[WhiteElo "2400"]
[BlackElo "2388"]
[PlyCount "86"]
[EventDate "2011.01.24"]
[SourceDate "2011.01.24"]

1. c4 f5 2. g3 Nf6 3. Bg2 g6 4. Nc3 Bg7 5. d3 Nc6 6. e4 fxe4 7. dxe4 d6 8. h3
Be6 9. Nd5 Ne5 10. b3 Nxd5 11. cxd5 Bd7 12. Rb1 c6 13. Qd2 Qb6 14. Bb2 Qa6 15.
Bxe5 Bxe5 16. Ne2 cxd5 17. exd5 Bb5 18. a4 Bd3 19. Rd1 Bxe2 20. Qxe2 Qa5+ 21.
Kf1 O-O 22. Bf3 Bxg3 23. fxg3 Rxf3+ 24. Qxf3 Rf8 25. Qxf8+ Kxf8 26. Ke2 Qc3 27.
Rhf1+ Ke8 28. Rf3 Qc2+ 29. Rd2 Qb1 30. h4 Qg1 31. Kd3 Qh1 32. Ke2 h6 33. Rdd3
g5 34. hxg5 hxg5 35. Kd2 Qg2+ 36. Kc1 Kd7 37. Rfe3 g4 38. Rd4 Qg1+ 39. Kd2 Qf2+
40. Kd3 Qb2 41. Ke4 a6 42. Red3 Qf2 43. Re3 Qb2 1/2-1/2

[Event "Amay - Fontaine"]
[Site "?"]
[Date "2011.01.23"]
[Round "7.4"]
[White "Tan, Matthew"]
[Black "Wantiez, Fabrice"]
[Result "1/2-1/2"]
[WhiteElo "2381"]
[BlackElo "2379"]
[PlyCount "71"]
[EventDate "2011.01.24"]
[SourceDate "2011.01.24"]

1. e4 e5 2. Nf3 Nc6 3. Bb5 a6 4. Ba4 Nf6 5. Qe2 Be7 6. O-O b5 7. Bb3 O-O 8. c3
Re8 9. Rd1 Bf8 10. d3 h6 11. Nbd2 d5 12. Nf1 Na5 13. Bc2 c5 14. exd5 Qxd5 15.
Ne3 Qd7 16. d4 exd4 17. cxd4 Qc7 18. dxc5 Bxc5 19. b3 Bb7 20. Bb2 Qf4 21. Qd3
Rxe3 22. fxe3 Bxe3+ 23. Kh1 Bxf3 24. Rf1 Ng4 25. Qh7+ Kf8 26. Ba3+ Ke8 27. Qg8+
Kd7 28. Bf5+ Qxf5 29. Qxa8 Bxa8 30. Rxf5 Nf2+ 31. Kg1 Nh3+ 32. Kf1 Ke6 33. g4
Nf4 34. Rd1 Bd5 35. Bc5 Bxc5 36. Rxf4 1/2-1/2